<?xml version="1.0" encoding="UTF-8"?>
<collection xmlns="http://www.loc.gov/MARC21/slim">
 <record>
  <leader>01465nam a22002057a 4500</leader>
  <controlfield tag="001">NCT_51789</controlfield>
  <controlfield tag="008">180924b        xxu||||| |||| 00| 0 vie d</controlfield>
  <datafield tag="999" ind1=" " ind2=" ">
   <subfield code="c">2477</subfield>
   <subfield code="d">2477</subfield>
  </datafield>
  <datafield tag="020" ind1=" " ind2=" ">
   <subfield code="a">9786049224805</subfield>
   <subfield code="c">90000</subfield>
  </datafield>
  <datafield tag="082" ind1="0" ind2="4">
   <subfield code="2">23rd ed.</subfield>
   <subfield code="a">338.9597</subfield>
   <subfield code="b">H404</subfield>
  </datafield>
  <datafield tag="100" ind1="1" ind2=" ">
   <subfield code="a">Nguyễn Trọng Hoài</subfield>
  </datafield>
  <datafield tag="245" ind1="1" ind2="0">
   <subfield code="a">Các chủ đề phát triển chọn lọc khung phân tích và bằng chứng thực nghiệm cho Việt Nam</subfield>
   <subfield code="b">(Tài liệu chuyên khảo cho học viên cao học và nghiên cứu viên)</subfield>
   <subfield code="c">Nguyễn Trọng Hoài</subfield>
  </datafield>
  <datafield tag="260" ind1=" " ind2=" ">
   <subfield code="a">Tp. Hồ Chí Minh</subfield>
   <subfield code="b">Kinh tế Hồ Chí Minh</subfield>
   <subfield code="c">2017</subfield>
  </datafield>
  <datafield tag="300" ind1=" " ind2=" ">
   <subfield code="a">256 tr.</subfield>
   <subfield code="b">Hình vẽ, bảng</subfield>
   <subfield code="c">24cm</subfield>
  </datafield>
  <datafield tag="500" ind1=" " ind2=" ">
   <subfield code="a">ĐTTS ghi: Trường Đại học Kinh tế TP Hồ Chí Minh</subfield>
  </datafield>
  <datafield tag="520" ind1="3" ind2=" ">
   <subfield code="a">Nội dung sách liên quan trực tiếp đến tái cấu trúc mô hình tăng trưởng bao gồm phát triển bền vững, chất lượng tăng trưởng, hướng đến mô hình tăng trưởng xanh, các trục trặc phổ biến trong quá trình phát triển như nghèo đói, sức khỏe, giáo dục, chất lượng thể chế. . .</subfield>
  </datafield>
  <datafield tag="653" ind1=" " ind2=" ">
   <subfield code="a">Quản trị kinh doanh</subfield>
  </datafield>
  <datafield tag="942" ind1=" " ind2=" ">
   <subfield code="2">ddc</subfield>
   <subfield code="c">BK</subfield>
  </datafield>
  <datafield tag="952" ind1=" " ind2=" ">
   <subfield code="0">0</subfield>
   <subfield code="1">0</subfield>
   <subfield code="2">ddc</subfield>
   <subfield code="4">0</subfield>
   <subfield code="6">338_959700000000000_H404</subfield>
   <subfield code="7">0</subfield>
   <subfield code="9">14118</subfield>
   <subfield code="a">000001</subfield>
   <subfield code="b">000001</subfield>
   <subfield code="d">2018-09-24</subfield>
   <subfield code="o">338.9597 H404</subfield>
   <subfield code="p">MD.13448</subfield>
   <subfield code="r">2018-09-24</subfield>
   <subfield code="v">90000.00</subfield>
   <subfield code="w">2018-09-24</subfield>
   <subfield code="y">BK</subfield>
  </datafield>
  <datafield tag="980" ind1=" " ind2=" ">
   <subfield code="a">Thư viện Trường Đại học Nam Cần Thơ</subfield>
  </datafield>
 </record>
</collection>
